<?xml version="1.0" encoding="UTF-8"?>
<collection xmlns:xsi="http://www.w3.org/2001/XMLSchema-instance" xsi:schemaLocation="http://www.loc.gov/MARC21/slim http://www.loc.gov/standards/marcxml/schema/MARC21slim.xsd" xmlns="http://www.loc.gov/MARC21/slim">
 <record>
  <leader>00000nam a2200000 i 4500</leader>
  <controlfield tag="001">UP-100084294495581526</controlfield>
  <controlfield tag="003">Buklod</controlfield>
  <controlfield tag="005">20240103094141.0</controlfield>
  <controlfield tag="006">a     r    |||| u|</controlfield>
  <controlfield tag="007">ta</controlfield>
  <controlfield tag="008">240103s2020    xx      rb    001 0     d</controlfield>
  <datafield tag="040" ind1=" " ind2=" ">
   <subfield code="a">DCHE</subfield>
   <subfield code="e">rda</subfield>
  </datafield>
  <datafield tag="041" ind1=" " ind2=" ">
   <subfield code="a">eng</subfield>
  </datafield>
  <datafield tag="042" ind1=" " ind2=" ">
   <subfield code="a">DMLUC</subfield>
  </datafield>
  <datafield tag="090" ind1=" " ind2=" ">
   <subfield code="a">LG 993.5 2020 F66</subfield>
   <subfield code="b">F38</subfield>
  </datafield>
  <datafield tag="100" ind1="1" ind2=" ">
   <subfield code="a">Faurillo, Charity G.</subfield>
   <subfield code="e">author.</subfield>
  </datafield>
  <datafield tag="245" ind1="1" ind2="0">
   <subfield code="a">Technological quality of spent hen Pectoratis major as influenced by ultrasonication</subfield>
   <subfield code="c">Charity G. Faurillo ; Assoc. Prof. Benelyn D. Dumelod, thesis adviser ; Assoc Prof. Oliver D. Abanto, co-adviser.</subfield>
  </datafield>
  <datafield tag="264" ind1=" " ind2="0">
   <subfield code="a">Quezon City</subfield>
   <subfield code="b">College of Home Economics, University of the Philippines Diliman</subfield>
   <subfield code="c">2020</subfield>
  </datafield>
  <datafield tag="300" ind1=" " ind2=" ">
   <subfield code="a">xiii, 102 leaves </subfield>
   <subfield code="b">illustrations</subfield>
   <subfield code="c">28 cm.</subfield>
  </datafield>
  <datafield tag="336" ind1=" " ind2=" ">
   <subfield code="a">text</subfield>
   <subfield code="2">rdacontent</subfield>
  </datafield>
  <datafield tag="337" ind1=" " ind2=" ">
   <subfield code="a">unmediated</subfield>
   <subfield code="2">rdamedia</subfield>
  </datafield>
  <datafield tag="338" ind1=" " ind2=" ">
   <subfield code="a">volume</subfield>
   <subfield code="2">rdacarrier</subfield>
  </datafield>
  <datafield tag="502" ind1=" " ind2=" ">
   <subfield code="a">Thesis </subfield>
   <subfield code="b">Bachelor of Science in Food Technology</subfield>
   <subfield code="c">University of the Philippines Diliman</subfield>
   <subfield code="d">2020</subfield>
  </datafield>
  <datafield tag="504" ind1=" " ind2=" ">
   <subfield code="a">Includes bibliographical references (page 57-80)</subfield>
  </datafield>
  <datafield tag="506" ind1=" " ind2=" ">
   <subfield code="a">Thesis classification: P</subfield>
  </datafield>
  <datafield tag="520" ind1="3" ind2=" ">
   <subfield code="a">Efficient utilization of meat from spent hens has been a major issue for the egg industry. The toughness of spent hen meat is undesirable for processors and consumers, making it a low-value and underutilized protein source. Ultrasound is a rapid, economical, and energy-efficient technology that has been used to tenderize beef, pork, and poultry meat. In this study, the effect of different combinations of ultrasonication temperature (5, 15, and 25°C) and duration (0, 10, 20, and 30 min) on the technological properties (CIE L*a*b*, pH, water-holding capacity, Warner-Bratzler shear force, and microstructure) of spent hen Pectoralis major was investigated. L* values and pH values were not significantly affected by sonication but remained within the ‘normal’ range for chicken meat lightness. On the other hand, a* and b* values, and water-holding capacity significantly (p&lt;0.05) changed due to ultrasound parameters. Additionally, a significant relationship between WHC and WBSF was detected (r=-0.443; p&lt;0.01). WBSF values had no significant changes after sonication but the overall means indicated a trend.&#13;
Signal-to-noise ratios of WBSF means suggested 10 min and 5°C as the optimal levels for treatment duration and temperature, respectively. Using the optimal settings, the effect of ultrasound on the microstructure of spent hen meat was evaluated. Qualitative analysis of scanning electron microscopy (SEM) images revealed that sonication led to&#13;
fragmented muscle fibers, deformed and separated fiber bundles, and disrupted connective tissues. While ultrasound was unable to significantly affect the toughness of spent hen meat, microstructural analysis indicated evidence of the tenderizing effects of ultrasound.</subfield>
  </datafield>
  <datafield tag="650" ind1=" " ind2="0">
   <subfield code="a">Poultry.</subfield>
  </datafield>
  <datafield tag="650" ind1=" " ind2="0">
   <subfield code="a">Chickens.</subfield>
  </datafield>
  <datafield tag="650" ind1=" " ind2="0">
   <subfield code="a">Food science</subfield>
   <subfield code="z">Philippines.</subfield>
  </datafield>
  <datafield tag="700" ind1="1" ind2=" ">
   <subfield code="a">Assoc. Prof. Dumelod, Benelyn D.</subfield>
   <subfield code="e">thesis adviser.</subfield>
  </datafield>
  <datafield tag="700" ind1="1" ind2=" ">
   <subfield code="a">Assoc Prof. Abanto, Oliver D.</subfield>
   <subfield code="e">co-adviser.</subfield>
  </datafield>
  <datafield tag="842" ind1=" " ind2=" ">
   <subfield code="a">Thesis</subfield>
  </datafield>
  <datafield tag="905" ind1=" " ind2=" ">
   <subfield code="a">FI</subfield>
  </datafield>
  <datafield tag="905" ind1=" " ind2=" ">
   <subfield code="a">UP</subfield>
  </datafield>
  <datafield tag="852" ind1="0" ind2=" ">
   <subfield code="a">UPD</subfield>
   <subfield code="b">DCHE</subfield>
   <subfield code="h">LG 993.5 2020 F66</subfield>
   <subfield code="i">F38</subfield>
  </datafield>
  <datafield tag="942" ind1=" " ind2=" ">
   <subfield code="a">Thesis</subfield>
  </datafield>
 </record>
</collection>
